000 00285nam a22001337a 4500
008 210301b ||||| |||| 00| 0 eng d
020 _a2901418837531
041 _aeng
080 _a004
100 _a28
101 _aSHKI
245 _aGuide to Apache
_cSawicki,E
942 _2udc
_cBK
999 _c55394
_d55394